Quantitative approaches to management /

Bibliographic Details
Main Author: Levin, Richard I.
Other Authors: Kirkpatrick, Charles Atkinson, Rubin, David S.
Format: Book
Language:English
Published: New York : McGraw-Hill, [1982]
Edition:5th ed.
Subjects:

MARC

Tag First Indicator Second Indicator Subfields
LEADER 00000cam a22000008a 4500
001 in00000092406
005 20170411163002.0
008 810803s1982 nyua b 00110 eng
010 |a  81013683  
020 |a 0070374368 
035 |a (OCoLC)07732648 
035 |9 AAK3703AM 
040 |a DLC  |c DLC  |d TXA  |d UtOrBLW 
049 |a TXAM  |c [1442658] 
050 0 0 |a T57.6  |b .L48 1982 
082 0 |a 658.4/034  |2 19 
100 1 |a Levin, Richard I. 
245 1 0 |a Quantitative approaches to management /  |c Richard I. Levin, Charles A. Kirkpatrick, David S. Rubin. 
250 |a 5th ed. 
263 |a 8201 
264 1 |a New York :  |b McGraw-Hill,  |c [1982] 
264 4 |c ©1982 
300 |a xix, 763 pages :  |b illustrations ;  |c 24 cm. 
336 |a text  |b txt  |2 rdacontent 
337 |a unmediated  |b n  |2 rdamedia 
338 |a volume  |b nc  |2 rdacarrier 
504 |a Includes bibliographies and index. 
650 0 |a Operations research. 
700 1 |a Kirkpatrick, Charles Atkinson. 
700 1 |a Rubin, David S. 
999 |a MARS 
999 f f |s b5e0cf2c-465c-3ab9-a92e-892e8216b8d5  |i 1253ac12-65e0-3c0c-9f11-fad9e40941c6  |t 0 
952 f f |p ric  |a Texas A&M University  |b Rellis Campus  |c Joint Library Facility  |d Remote Storage  |t 0  |e T57.6 .L48 1982  |h Library of Congress classification  |i unmediated -- volume  |m A14806240320 
998 f f |a T57.6 .L48 1982  |t 0  |l Remote Storage